| 000 | 00551nam a2200193 u 4500 | ||
|---|---|---|---|
| 005 | 20240924070346.0 | ||
| 008 | 100517s2000 r 000 0 eng d | ||
| 020 | _a8495129280 | ||
| 035 | _aUPN01000175892 | ||
| 049 | _aI | ||
| 050 | 4 |
_aPZ78 _bH3.3 |
|
| 100 | 1 | _aHaug Morales, Susana | |
| 245 | 1 | 0 |
_aCuentos sin pies ni cabeza / _cSusana Haug Morales ; il. Fran Bravo. |
| 260 |
_aMálaga, Esp. : _bSarriá, _c2000. |
||
| 300 |
_a91 p. : _bil. col. |
||
| 650 | 4 |
_aCUENTOS INFANTILES CUBANOS _911212 |
|
| 650 | 0 |
_aFantasía _911180 |
|
| 905 | _aLibro | ||
| 999 |
_c147995 _d147995 |
||